Guía de las calles de la ciudad de bahía blanca /

Guardado en:
Autor Principal: Elzaurdía, Martín José
Otros Autores: Loncón, José Basilio
Formato: Libro
Publicado: Bahía Blanca : el autor, 2005
Materias:
Etiquetas: Agregar Etiqueta
Sin Etiquetas, Sea el primero en etiquetar este registro!
LEADER 00770nam a22002055a 4500
001 CEM.cems012163
005 20060713155437.0
008 130507s2005##################000#0#####d
003 CEMS
082 0 4 |a F982.1 
100 1 |a Elzaurdía, Martín José 
245 1 0 |a Guía de las calles de la ciudad de bahía blanca /  |c Martín José Elzaurdía ; josé Basilio Loncón 
260 |a Bahía Blanca :  |b el autor,  |c 2005 
300 |a 79 p. 
500 |a Incluye las localidades de Ingeniero Ehite, General Cerri y Cabildo 
505 0 |a Origen de su nombre: breve reseña histórica -- Nacimiento -- Zonas de la ciudad 
653 |a Bahía blanca 
653 |a Calles de bahía blanca 
700 1 |a Loncón, José Basilio 
859 |a CEMS  |b BIB. CEMS - 11 de abril  |h F982.1  |i 30  |p 2114.44  |t Ej.1